1979 College Football AP Poll - Statistics

General Stats
  • This quiz has been taken 21 times
  • The average score is 267 of 301
Answer Stats
Week Rank Team W L T Conference % Correct
Preseason 2 Alabama 0 0 SEC
100%
Week 1 (9/10) 2 Alabama 1 0 SEC
100%
Week 2 (9/17) 2 Alabama 1 0 SEC
100%
Week 3 (9/24) 2 Alabama 2 0 SEC
100%
Week 4 (10/1) 2 Alabama 3 0 SEC
100%
Week 5 (10/8) 2 Alabama 4 0 SEC
100%
Week 6 (10/15) 1 Alabama 5 0 SEC
100%
Week 7 (10/22) 1 Alabama 6 0 SEC
100%
Week 8 (10/29) 1 Alabama 7 0 SEC
100%
Week 9 (11/5) 1 Alabama 8 0 SEC
100%
Week 10 (11/12) 1 Alabama 9 0 SEC
100%
Week 11 (11/19) 1 Alabama 10 0 SEC
100%
Week 12 (11/26) 1 Alabama 10 0 SEC
100%
Week 13 (12/3) 2 Alabama 11 0 SEC
100%
Postseason 1 Alabama 12 0 SEC
100%
Preseason 7 Michigan 0 0 Big Ten
100%
Week 1 (9/10) 6 Michigan 1 0 Big Ten
100%
Week 2 (9/17) 11 Michigan 1 1 Big Ten
100%
Week 3 (9/24) 11 Michigan 2 1 Big Ten
100%
Week 4 (10/1) 11 Michigan 3 1 Big Ten
100%
Week 5 (10/8) 11 Michigan 4 1 Big Ten
100%
Week 6 (10/15) 11 Michigan 5 1 Big Ten
100%
Week 7 (10/22) 10 Michigan 6 1 Big Ten
100%
Week 8 (10/29) 10 Michigan 7 1 Big Ten
100%
Week 9 (11/5) 10 Michigan 8 1 Big Ten
100%
Week 10 (11/12) 13 Michigan 8 2 Big Ten
100%
Week 11 (11/19) 16 Michigan 8 3 Big Ten
100%
Week 12 (11/26) 15 Michigan 8 3 Big Ten
100%
Week 13 (12/3) 14 Michigan 8 3 Big Ten
100%
Postseason 18 Michigan 8 4 Big Ten
100%
Preseason 8 Nebraska 0 0 Big Eight
100%
Week 1 (9/10) 8 Nebraska 0 0 Big Eight
100%
Week 2 (9/17) 7 Nebraska 1 0 Big Eight
100%
Week 3 (9/24) 6 Nebraska 2 0 Big Eight
100%
Week 4 (10/1) 5 Nebraska 3 0 Big Eight
100%
Week 5 (10/8) 5 Nebraska 4 0 Big Eight
100%
Week 6 (10/15) 3 Nebraska 5 0 Big Eight
100%
Week 7 (10/22) 2 Nebraska 6 0 Big Eight
100%
Week 8 (10/29) 2 Nebraska 7 0 Big Eight
100%
Week 9 (11/5) 2 Nebraska 8 0 Big Eight
100%
Week 10 (11/12) 3 Nebraska 9 0 Big Eight
100%
Week 11 (11/19) 3 Nebraska 10 0 Big Eight
100%
Week 12 (11/26) 7 Nebraska 10 1 Big Eight
100%
Week 13 (12/3) 7 Nebraska 10 1 Big Eight
100%
Postseason 9 Nebraska 10 2 Big Eight
100%
Preseason 9 Notre Dame 0 0 Independent
100%
Week 1 (9/10) 9 Notre Dame 0 0 Independent
100%
Week 2 (9/17) 5 Notre Dame 1 0 Independent
100%
Week 3 (9/24) 15 Notre Dame 1 1 Independent
100%
Week 4 (10/1) 10 Notre Dame 2 1 Independent
100%
Week 5 (10/8) 10 Notre Dame 3 1 Independent
100%
Week 6 (10/15) 9 Notre Dame 4 1 Independent
100%
Week 7 (10/22) 14 Notre Dame 4 2 Independent
100%
Week 8 (10/29) 13 Notre Dame 5 2 Independent
100%
Week 9 (11/5) 13 Notre Dame 6 2 Independent
100%
Week 1 (9/10) 15 Ohio State 1 0 Big Ten
100%
Week 2 (9/17) 16 Ohio State 2 0 Big Ten
100%
Week 3 (9/24) 14 Ohio State 3 0 Big Ten
100%
Week 4 (10/1) 8 Ohio State 4 0 Big Ten
100%
Week 5 (10/8) 8 Ohio State 5 0 Big Ten
100%
Week 6 (10/15) 6 Ohio State 6 0 Big Ten
100%
Week 7 (10/22) 4 Ohio State 7 0 Big Ten
100%
Week 8 (10/29) 5 Ohio State 8 0 Big Ten
100%
Week 9 (11/5) 3 Ohio State 9 0 Big Ten
100%
Week 10 (11/12) 2 Ohio State 10 0 Big Ten
100%
Week 11 (11/19) 2 Ohio State 11 0 Big Ten
100%
Week 12 (11/26) 3 Ohio State 11 0 Big Ten
100%
Week 13 (12/3) 1 Ohio State 11 0 Big Ten
100%
Postseason 4 Ohio State 11 1 Big Ten
100%
Preseason 3 Oklahoma 0 0 Big Eight
100%
Week 1 (9/10) 3 Oklahoma 0 0 Big Eight
100%
Week 2 (9/17) 3 Oklahoma 1 0 Big Eight
100%
Week 3 (9/24) 3 Oklahoma 2 0 Big Eight
100%
Week 4 (10/1) 3 Oklahoma 3 0 Big Eight
100%
Week 5 (10/8) 3 Oklahoma 4 0 Big Eight
100%
Week 6 (10/15) 8 Oklahoma 4 1 Big Eight
100%
Week 7 (10/22) 7 Oklahoma 5 1 Big Eight
100%
Week 8 (10/29) 7 Oklahoma 6 1 Big Eight
100%
Week 9 (11/5) 6 Oklahoma 7 1 Big Eight
100%
Week 10 (11/12) 7 Oklahoma 8 1 Big Eight
100%
Week 11 (11/19) 8 Oklahoma 9 1 Big Eight
100%
Week 12 (11/26) 5 Oklahoma 10 1 Big Eight
100%
Week 13 (12/3) 5 Oklahoma 10 1 Big Eight
100%
Postseason 3 Oklahoma 11 1 Big Eight
100%
Preseason 4 Texas 0 0 Southwest
100%
Week 1 (9/10) 4 Texas 0 0 Southwest
100%
Week 2 (9/17) 4 Texas 0 0 Southwest
100%
Week 3 (9/24) 4 Texas 1 0 Southwest
100%
Week 4 (10/1) 4 Texas 2 0 Southwest
100%
Week 5 (10/8) 4 Texas 3 0 Southwest
100%
Week 6 (10/15) 2 Texas 4 0 Southwest
100%
Week 7 (10/22) 9 Texas 4 1 Southwest
100%
Week 8 (10/29) 8 Texas 5 1 Southwest
100%
Week 9 (11/5) 8 Texas 6 1 Southwest
100%
Week 10 (11/12) 6 Texas 7 1 Southwest
100%
Week 11 (11/19) 6 Texas 8 1 Southwest
100%
Week 12 (11/26) 6 Texas 9 1 Southwest
100%
Week 13 (12/3) 11 Texas 9 2 Southwest
100%
Postseason 12 Texas 9 3 Southwest
100%
Preseason 1 USC 0 0 Pacific-10
100%
Week 1 (9/10) 1 USC 1 0 Pacific-10
100%
Week 2 (9/17) 1 USC 2 0 Pacific-10
100%
Week 3 (9/24) 1 USC 3 0 Pacific-10
100%
Week 4 (10/1) 1 USC 4 0 Pacific-10
100%
Week 5 (10/8) 1 USC 5 0 Pacific-10
100%
Week 6 (10/15) 4 USC 5 0 1 Pacific-10
100%
Week 7 (10/22) 3 USC 6 0 1 Pacific-10
100%
Week 8 (10/29) 3 USC 7 0 1 Pacific-10
100%
Week 9 (11/5) 4 USC 8 0 1 Pacific-10
100%
Week 10 (11/12) 4 USC 9 0 1 Pacific-10
100%
Week 11 (11/19) 4 USC 9 0 1 Pacific-10
100%
Week 12 (11/26) 2 USC 10 0 1 Pacific-10
100%
Week 13 (12/3) 3 USC 10 0 1 Pacific-10
100%
Postseason 2 USC 11 0 1 Pacific-10
100%
Preseason 19 Florida State 0 0 Independent
95%
Week 1 (9/10) 18 Florida State 1 0 Independent
95%
Week 2 (9/17) 14 Florida State 2 0 Independent
95%
Week 3 (9/24) 12 Florida State 3 0 Independent
95%
Week 4 (10/1) 9 Florida State 4 0 Independent
95%
Week 5 (10/8) 9 Florida State 5 0 Independent
95%
Week 6 (10/15) 7 Florida State 6 0 Independent
95%
Week 7 (10/22) 8 Florida State 6 0 Independent
95%
Week 8 (10/29) 6 Florida State 7 0 Independent
95%
Week 9 (11/5) 7 Florida State 8 0 Independent
95%
Week 10 (11/12) 5 Florida State 9 0 Independent
95%
Week 11 (11/19) 5 Florida State 10 0 Independent
95%
Week 12 (11/26) 4 Florida State 11 0 Independent
95%
Week 13 (12/3) 4 Florida State 11 0 Independent
95%
Postseason 6 Florida State 11 1 Independent
95%
Preseason 10 Michigan State 0 0 Big Ten
95%
Week 1 (9/10) 10 Michigan State 1 0 Big Ten
95%
Week 2 (9/17) 8 Michigan State 2 0 Big Ten
95%
Week 3 (9/24) 7 Michigan State 3 0 Big Ten
95%
Week 4 (10/1) 16 Michigan State 3 1 Big Ten
95%
Week 5 (10/8) 19 Michigan State 3 2 Big Ten
95%
Preseason 5 Penn State 0 0 Independent
95%
Week 1 (9/10) 7 Penn State 0 0 Independent
95%
Week 2 (9/17) 6 Penn State 1 0 Independent
95%
Week 3 (9/24) 18 Penn State 1 1 Independent
95%
Week 8 (10/29) 19 Penn State 5 2 Independent
95%
Week 11 (11/19) 20 Penn State 7 3 Independent
95%
Week 12 (11/26) 19 Penn State 7 4 Independent
95%
Postseason 20 Penn State 8 4 Independent
95%
Preseason 15 Washington 0 0 Pacific-10
95%
Week 1 (9/10) 14 Washington 1 0 Pacific-10
95%
Week 2 (9/17) 12 Washington 2 0 Pacific-10
95%
Week 3 (9/24) 9 Washington 3 0 Pacific-10
95%
Week 4 (10/1) 7 Washington 4 0 Pacific-10
95%
Week 5 (10/8) 6 Washington 5 0 Pacific-10
95%
Week 6 (10/15) 12 Washington 5 1 Pacific-10
95%
Week 7 (10/22) 20 Washington 5 2 Pacific-10
95%
Week 8 (10/29) 16 Washington 6 2 Pacific-10
95%
Week 9 (11/5) 15 Washington 7 2 Pacific-10
95%
Week 10 (11/12) 16 Washington 7 3 Pacific-10
95%
Week 11 (11/19) 14 Washington 8 3 Pacific-10
95%
Week 12 (11/26) 13 Washington 8 3 Pacific-10
95%
Week 13 (12/3) 13 Washington 8 3 Pacific-10
95%
Postseason 11 Washington 9 3 Pacific-10
95%
Week 9 (11/5) 18 Clemson 6 2 ACC
90%
Week 10 (11/12) 14 Clemson 7 2 ACC
90%
Week 11 (11/19) 13 Clemson 8 2 ACC
90%
Week 12 (11/26) 18 Clemson 8 3 ACC
90%
Week 13 (12/3) 18 Clemson 8 3 ACC
90%
Preseason 11 Georgia 0 0 SEC
90%
Week 1 (9/10) 12 Georgia 0 0 SEC
90%
Preseason 14 Texas A&M 0 0 Southwest
90%
Week 2 (9/17) 20 UCLA 1 1 Pacific-10
90%
Week 3 (9/24) 17 UCLA 2 1 Pacific-10
90%
Preseason 18 Arizona State 0 0 Pacific-10
85%
Preseason 20 Arkansas 0 0 Southwest
85%
Week 1 (9/10) 17 Arkansas 0 0 Southwest
85%
Week 2 (9/17) 15 Arkansas 1 0 Southwest
85%
Week 3 (9/24) 13 Arkansas 2 0 Southwest
85%
Week 4 (10/1) 13 Arkansas 3 0 Southwest
85%
Week 5 (10/8) 12 Arkansas 4 0 Southwest
85%
Week 6 (10/15) 10 Arkansas 5 0 Southwest
85%
Week 7 (10/22) 4 Arkansas 6 0 Southwest
85%
Week 8 (10/29) 9 Arkansas 6 1 Southwest
85%
Week 9 (11/5) 9 Arkansas 7 1 Southwest
85%
Week 10 (11/12) 8 Arkansas 8 1 Southwest
85%
Week 11 (11/19) 7 Arkansas 9 1 Southwest
85%
Week 12 (11/26) 8 Arkansas 10 1 Southwest
85%
Week 13 (12/3) 6 Arkansas 10 1 SEC
85%
Postseason 8 Arkansas 10 2 Southwest
85%
Week 9 (11/5) 17 Baylor 6 2 Southwest
85%
Week 10 (11/12) 20 Baylor 6 3 Southwest
85%
Week 11 (11/19) 17 Baylor 7 3 Southwest
85%
Week 12 (11/26) 20 Baylor 7 4 Southwest
85%
Week 13 (12/3) 19 Baylor 7 4 Southwest
85%
Postseason 14 Baylor 8 4 Southwest
85%
Week 4 (10/1) 18 North Carolina 3 0 ACC
85%
Week 5 (10/8) 14 North Carolina 4 0 ACC
85%
Week 6 (10/15) 19 North Carolina 4 1 ACC
85%
Week 7 (10/22) 15 North Carolina 5 1 ACC
85%
Week 8 (10/29) 18 North Carolina 5 1 1 ACC
85%
Postseason 15 North Carolina 8 3 1 ACC
85%
Preseason 17 Pittsburgh 0 0 Independent
85%
Week 1 (9/10) 16 Pittsburgh 0 0 Independent
85%
Week 2 (9/17) 13 Pittsburgh 1 0 Independent
85%
Week 6 (10/15) 17 Pittsburgh 4 1 Independent
85%
Week 7 (10/22) 12 Pittsburgh 5 1 Independent
85%
Week 8 (10/29) 12 Pittsburgh 6 1 Independent
85%
Week 9 (11/5) 12 Pittsburgh 7 1 Independent
85%
Week 10 (11/12) 11 Pittsburgh 8 1 Independent
85%
Week 11 (11/19) 11 Pittsburgh 9 1 Independent
85%
Week 12 (11/26) 11 Pittsburgh 10 1 Independent
85%
Week 13 (12/3) 10 Pittsburgh 10 1 Independent
85%
Postseason 7 Pittsburgh 11 1 Independent
85%
Preseason 6 Purdue 0 0 Big Ten
85%
Week 1 (9/10) 5 Purdue 1 0 Big Ten
85%
Week 2 (9/17) 17 Purdue 1 1 Big Ten
85%
Week 3 (9/24) 10 Purdue 2 1 Big Ten
85%
Week 4 (10/1) 12 Purdue 3 1 Big Ten
85%
Week 5 (10/8) 20 Purdue 3 2 Big Ten
85%
Week 6 (10/15) 16 Purdue 4 2 Big Ten
85%
Week 7 (10/22) 16 Purdue 5 2 Big Ten
85%
Week 8 (10/29) 15 Purdue 6 2 Big Ten
85%
Week 9 (11/5) 14 Purdue 7 2 Big Ten
85%
Week 10 (11/12) 12 Purdue 8 2 Big Ten
85%
Week 11 (11/19) 12 Purdue 9 2 Big Ten
85%
Week 12 (11/26) 12 Purdue 9 2 Big Ten
85%
Week 13 (12/3) 12 Purdue 9 2 Big Ten
85%
Postseason 10 Purdue 10 2 Big Ten
85%
Preseason 13 Stanford 0 0 Pacific-10
85%
Week 4 (10/1) 19 Tennessee 3 0 SEC
85%
Week 6 (10/15) 18 Tennessee 4 1 SEC
85%
Week 7 (10/22) 19 Tennessee 4 2 SEC
85%
Week 8 (10/29) 17 Tennessee 4 2 SEC
85%
Week 10 (11/12) 19 Tennessee 5 3 SEC
85%
Week 5 (10/8) 18 Auburn 3 1 SEC
80%
Week 6 (10/15) 14 Auburn 4 1 SEC
80%
Week 7 (10/22) 13 Auburn 5 1 SEC
80%
Week 8 (10/29) 20 Auburn 5 2 SEC
80%
Week 9 (11/5) 16 Auburn 6 2 SEC
80%
Week 10 (11/12) 15 Auburn 7 2 SEC
80%
Week 11 (11/19) 14 Auburn 8 2 SEC
80%
Week 12 (11/26) 14 Auburn 8 2 SEC
80%
Week 13 (12/3) 17 Auburn 8 3 SEC
80%
Postseason 16 Auburn 8 3 SEC
80%
Week 4 (10/1) 20 BYU 3 0 WAC
80%
Week 5 (10/8) 16 BYU 4 0 WAC
80%
Week 6 (10/15) 13 BYU 5 0 WAC
80%
Week 7 (10/22) 11 BYU 6 0 WAC
80%
Week 8 (10/29) 11 BYU 7 0 WAC
80%
Week 9 (11/5) 11 BYU 8 0 WAC
80%
Week 10 (11/12) 10 BYU 9 0 WAC
80%
Week 11 (11/19) 10 BYU 10 0 WAC
80%
Week 12 (11/26) 9 BYU 11 0 WAC
80%
Week 13 (12/3) 9 BYU 11 0 WAC
80%
Postseason 13 BYU 11 1 WAC
80%
Week 3 (9/24) 20 LSU 2 0 SEC
80%
Week 4 (10/1) 17 LSU 2 1 SEC
80%
Week 5 (10/8) 13 LSU 3 1 SEC
80%
Preseason 12 Missouri 0 0 Big Eight
80%
Week 1 (9/10) 11 Missouri 1 0 Big Eight
80%
Week 2 (9/17) 9 Missouri 2 0 Big Eight
80%
Week 3 (9/24) 5 Missouri 3 0 Big Eight
80%
Week 4 (10/1) 15 Missouri 3 1 Big Eight
80%
Week 5 (10/8) 15 Missouri 3 1 Big Eight
80%
Week 1 (9/10) 19 NC State 1 0 ACC
75%
Week 2 (9/17) 19 NC State 2 0 ACC
75%
Week 3 (9/24) 16 NC State 3 0 ACC
75%
Week 4 (10/1) 14 NC State 4 0 ACC
75%
Week 5 (10/8) 17 NC State 4 1 ACC
75%
Week 6 (10/15) 15 NC State 5 1 ACC
75%
Week 1 (9/10) 20 SMU 1 0 Southwest
75%
Week 2 (9/17) 18 SMU 2 0 Southwest
75%
Week 3 (9/24) 19 SMU 3 0 Southwest
75%
Week 9 (11/5) 19 South Carolina 6 2 Independent
75%
Week 11 (11/19) 19 South Carolina 7 3 Independent
75%
Week 12 (11/26) 17 South Carolina 8 3 Independent
75%
Week 13 (12/3) 16 South Carolina 8 3 Independent
75%
Preseason 16 Houston 0 0 Southwest
70%
Week 1 (9/10) 13 Houston 1 0 Southwest
70%
Week 2 (9/17) 10 Houston 2 0 Southwest
70%
Week 3 (9/24) 8 Houston 2 0 Southwest
70%
Week 4 (10/1) 6 Houston 3 0 Southwest
70%
Week 5 (10/8) 7 Houston 4 0 Southwest
70%
Week 6 (10/15) 5 Houston 5 0 Southwest
70%
Week 7 (10/22) 6 Houston 6 0 Southwest
70%
Week 8 (10/29) 4 Houston 7 0 Southwest
70%
Week 9 (11/5) 5 Houston 8 0 Southwest
70%
Week 10 (11/12) 9 Houston 8 1 Southwest
70%
Week 11 (11/19) 9 Houston 8 1 Southwest
70%
Week 12 (11/26) 10 Houston 9 1 Southwest
70%
Week 13 (12/3) 8 Houston 10 1 Southwest
70%
Postseason 5 Houston 11 1 Southwest
70%
Week 7 (10/22) 18 Wake Forest 6 1 ACC
65%
Week 8 (10/29) 14 Wake Forest 7 1 ACC
65%
Week 9 (11/5) 20 Wake Forest 7 2 ACC
65%
Week 10 (11/12) 17 Wake Forest 8 2 ACC
65%
Postseason 19 Indiana 8 4 Big Ten
60%
Week 6 (10/15) 20 Navy 5 0 Independent
60%
Week 7 (10/22) 17 Navy 6 0 Independent
60%
Week 10 (11/12) 18 Temple 8 1 Independent
30%
Week 13 (12/3) 20 Temple 9 2 Independent
30%
Postseason 17 Temple 10 2 Independent
30%
Week 10 (11/12) 20 Tulane 8 2 Independent
30%
Week 11 (11/19) 18 Tulane 8 2 Independent
30%
Week 12 (11/26) 16 Tulane 9 2 Independent
30%
Week 13 (12/3) 15 Tulane 9 2 Independent
30%
No matching quizzes found
Score Distribution
Percent of People with Each Score
Percentile by Number Answered
Your Score History
You have not taken this quiz